<?xml version="1.0" encoding="UTF-8"?><?xml-stylesheet type="text/xsl" href="static/style.xsl"?><OAI-PMH xmlns="http://www.openarchives.org/OAI/2.0/" xmlns:xsi="http://www.w3.org/2001/XMLSchema-instance" xsi:schemaLocation="http://www.openarchives.org/OAI/2.0/ http://www.openarchives.org/OAI/2.0/OAI-PMH.xsd"><responseDate>2026-04-28T18:59:40Z</responseDate><request verb="GetRecord" identifier="oai:uvadoc.uva.es:10324/73733" metadataPrefix="marc">https://uvadoc.uva.es/oai/request</request><GetRecord><record><header><identifier>oai:uvadoc.uva.es:10324/73733</identifier><datestamp>2025-09-11T07:41:17Z</datestamp><setSpec>com_10324_38</setSpec><setSpec>col_10324_852</setSpec></header><metadata><record xmlns="http://www.loc.gov/MARC21/slim" xmlns:doc="http://www.lyncode.com/xoai" xmlns:xsi="http://www.w3.org/2001/XMLSchema-instance" xmlns:dcterms="http://purl.org/dc/terms/" xsi:schemaLocation="http://www.loc.gov/MARC21/slim http://www.loc.gov/standards/marcxml/schema/MARC21slim.xsd">
<leader>00925njm 22002777a 4500</leader>
<datafield tag="042" ind1=" " ind2=" ">
<subfield code="a">dc</subfield>
</datafield>
<datafield tag="720" ind1=" " ind2=" ">
<subfield code="a">Amor Alemañ, Alonso</subfield>
<subfield code="e">author</subfield>
</datafield>
<datafield tag="260" ind1=" " ind2=" ">
<subfield code="c">2024</subfield>
</datafield>
<datafield tag="520" ind1=" " ind2=" ">
<subfield code="a">La incapacidad permanente en España está regulada principalmente por el Texto Refundido de la Ley General de la Seguridad Social (TRLGSS), aprobado por el Real Decreto Legislativo 8/2015, de 30 de octubre. Este régimen legal define la incapacidad permanente como la situación del trabajador que, después de haber estado sometido al tratamiento prescrito, presenta reducciones anatómicas o funcionales graves, susceptibles de determinación objetiva y previsiblemente definitivas, que disminuyen o anulan su capacidad laboral.&#xd;
Permanent disability in Spain is regulated mainly by the Consolidated Text of the&#xd;
General Social Security Law (TRLGSS), approved by Royal Legislative Decree 8/2015, of October 30. &#xd;
This legal regime defines permanent disability as the situation of a worker who, after having been &#xd;
subjected to the prescribed treatment, presents serious anatomical  or  functional  reductions,  &#xd;
susceptible  to  objective  determination  and&#xd;
foreseeably definitive, which reduce or nullify his or her work capacity.</subfield>
</datafield>
<datafield tag="024" ind2=" " ind1="8">
<subfield code="a">https://uvadoc.uva.es/handle/10324/73733</subfield>
</datafield>
<datafield tag="245" ind1="0" ind2="0">
<subfield code="a">La revisión de la situación de incapacidad permanente</subfield>
</datafield>
</record></metadata></record></GetRecord></OAI-PMH>